Paises Ganadores del Festival de Eurovision - Estadísticas

Estadísticas generales
  • Esta prueba ha sido intentada 210 veces
  • La puntuación promedio es 22 de 26
Estadísticas de respuestas
Respuesta % Correcto
España
99%
Francia
98%
Italia
97%
Suecia
95%
Alemania
93%
Rusia
93%
Noruega
92%
Reino Unido
91%
Dinamarca
89%
Finlandia
89%
Holanda
89%
Irlanda
89%
Suiza
89%
Belgica
88%
Grecia
88%
Ucrania
88%
Austria
85%
Israel
83%
Luxemburgo
83%
Estonia
80%
Letonia
79%
Serbia
79%
Turquia
69%
Monaco
61%
Azerbaijan
58%
Yugoslavia
54%
No se encontraron pruebas coincidentes
Distribución de puntuación
Porcentaje de gente con cada puntuación
Porcentaje por número respondido
Historial de tus puntuaciones
No has intentado esta prueba.